000 00422cam a2200181ua 4500
020 _c16.80
041 _aeng
_h
082 _a535
_bBRO/LI
100 _aBrown, R C .
245 _aLight /
_cR C Brown.
_hTextual Documents
250 _a1 /
_b.
260 _aLondon :
_bLongman Green and Co ,
_c1955.
300 _a1018 :
_b506 ; .
365 _a16.80
504 _a
942 _cBK
999 _c10540
_d10540